True SML Fan Character Quiz - Statistics

General Stats
  • This quiz has been taken 1,006 times
  • The average score is 16 of 28
Answer Stats
Hint Answer % Correct
Adopted Jeffy
97%
The Adopter Mario
96%
Poops a lot Shrek
87%
Gay Cody
83%
Likes Call of Duty Black Yoshi
82%
Hangs out with his friends a lot Junior
82%
Has a lot of jobs Brooklyn T Guy
74%
Bowser's chef Chef Pee Pee
70%
Mario's wife Rosalina
70%
Saved the planet once Woody
69%
Rich Mr Goodman
67%
The bully of Jeffy Bully Bill
65%
The loved teacher Jackie Chu
61%
Cody's last name Nutkiss
61%
Cody's dad Tyrone
60%
Black Yoshi killed him Tyrone
60%
The devil Craig
58%
Rapper who competed with Jeffy once Toad
55%
Jeffy's sister Feebee
53%
Homeless Joseph
50%
Is crazy Patrick
47%
Jeffy's rapper name J Fee
44%
An original character everyone loved Mama Luigi
33%
Eats twinkies Atso
25%
Wanted Loan Dolphin
10%
Had lasic eye surgery Jamal
9%
White haired Dr Finkleshitz
4%
TV show hoster Dooey Dundid It
1%
No matching quizzes found
Score Distribution
Percent of People with Each Score
Percentile by Number Answered
Your Score History
You have not taken this quiz